[Event "World Blitz Women 2023"]
[Site "Samarkand UZB"]
[Date "2023.12.30"]
[Round "17.18"]
[White "Arabidze, Meri"]
[Black "Priyanka, Nutakki"]
[Result "1-0"]
[WhiteElo "2416"]
[BlackElo "2224"]
[EventDate "2023.12.29"]

1. Nf3 d5 2. c4 e6 3. g3 dxc4 4. Bg2 a6 5. a4 Nf6 6. Na3 Be7 7. Nxc4 O-O 8.
O-O Nc6 9. d4 Nb4 10. b3 Bd7 11. Nfe5 Rb8 12. Bb2 b5 13. Nxd7 Nxd7 14. axb5
axb5 15. Na5 c5 16. Bc3 Qc7 17. dxc5 Bxc5 18. Bxb4 Bxb4 19. Nc6 Bc3 20.
Nxb8 Rxb8 21. Ra8 Rxa8 22. Bxa8 b4 23. Qd3 Nc5 24. Qb5 g6 25. Qe8+ Kg7 26.
Rd1 Bf6 27. h4 h5 28. Bf3 Qe5 29. Kg2 Qf5 30. Rc1 Bc3 31. Rd1 Bf6 32. Rd6
Nxb3 33. Rd7 Bd4 34. Rd8 Kf6 35. Qh8+ Ke7 36. Rxd4 Nxd4 37. Qxd4 Qb5 38. e3
b3 39. Qb2 Qc4 40. Bd1 Qd5+ 41. Bf3 Qc4 42. Qa3+ Kf6 43. Qb2+ Ke7 44. Qe5
Qc2 45. Be4 Qd1 46. Qc5+ Kf6 47. Qd4+ Qxd4 48. exd4 e5 49. dxe5+ Kxe5 50.
Kf3 f5 51. Bb1 Kd4 52. Ke2 Kc3 53. Ke3 Kb2 54. Bd3 Kc1 55. f3 b2 56. g4
fxg4 57. fxg4 b1=Q 58. Bxb1 Kxb1 59. gxh5 gxh5 60. Kf4 Kc2 61. Kg5 Kd3 62.
Kxh5 Ke4 63. Kg6 Kd5 1-0

[Event "World Blitz Women 2023"]
[Site "Samarkand UZB"]
[Date "2023.12.30"]
[Round "17.19"]
[White "Danielian, Elina"]
[Black "Balabayeva, Xeniya"]
[Result "0-1"]
[WhiteElo "2352"]
[BlackElo "2202"]
[EventDate "2023.12.29"]

1. d4 d5 2. Bf4 Nf6 3. e3 e6 4. Nf3 c5 5. c3 Nc6 6. Nbd2 Nh5 7. Be5 f6 8.
Bg3 g6 9. Bd3 cxd4 10. cxd4 Be7 11. a3 Bd7 12. Rc1 Rc8 13. O-O Ng7 14. b4
Kf7 15. e4 h5 16. Re1 g5 17. h4 g4 18. Nh2 Nxd4 19. exd5 exd5 20. Rxc8 Qxc8
21. Nb3 Nxb3 22. Qxb3 Be6 23. Nf1 d4 24. Qb1 Qc3 25. Bf4 f5 26. Ng3 Bxh4
27. Be5 Bf6 28. Bf4 Qc6 29. Nxf5 Nxf5 30. Bxf5 Bxf5 31. Qxf5 h4 32. Rc1 Qe8
33. Rc7+ Qe7 34. Rxe7+ Kxe7 35. Qxg4 Rd8 36. Qe2+ Kf7 37. Qc4+ Kg6 38. Qd3+
Kf7 39. Kh2 Rc8 40. Kh3 Rc3 41. Qxc3 dxc3 42. Kg4 Ke6 43. Bc1 Kd5 44. Kf5
Bd4 45. f4 c2 46. b5 a6 47. bxa6 bxa6 48. a4 a5 49. Kg4 Ke4 50. f5 Be3 51.
Ba3 c1=Q 52. Bxc1 Bxc1 53. f6 Ba3 54. Kxh4 Kf5 55. f7 Kf6 56. Kg4 Kxf7 57.
Kf5 Bb4 58. g4 Kg7 59. Kg5 Kf7 60. Kf5 Bd2 61. Ke5 Kg6 62. Ke4 Kg5 63. Kf3
Bb4 64. Kg3 Bd6+ 65. Kf3 Bc7 0-1

[Event "World Blitz Women 2023"]
[Site "Samarkand UZB"]
[Date "2023.12.30"]
[Round "17.20"]
[White "Tsolakidou, Stavroula"]
[Black "Sahithi, Varshini M"]
[Result "0-1"]
[WhiteElo "2345"]
[BlackElo "2189"]
[EventDate "2023.12.29"]

1. d4 d5 2. c4 c6 3. Nf3 Nf6 4. Nc3 dxc4 5. a4 Bf5 6. Nh4 e6 7. Nxf5 exf5
8. e3 Bb4 9. Bxc4 Qa5 10. Qc2 Nbd7 11. O-O O-O 12. Ne2 g6 13. f3 c5 14. d5
Rfe8 15. Ng3 a6 16. e4 b5 17. Be2 Qb6 18. Kh1 c4 19. Bg5 Bd6 20. exf5 Nxd5
21. Ne4 Be5 22. Rad1 N7f6 23. Nxf6+ Nxf6 24. f4 Bd4 25. Bf3 Rad8 26. h3 Kg7
27. fxg6 hxg6 28. Rd2 Be3 29. Rxd8 Rxd8 30. Rd1 Rxd1+ 31. Qxd1 Bd4 32. Qc2
Qc5 33. axb5 axb5 34. b3 c3 35. Bxf6+ Bxf6 36. Be4 Qe3 37. g3 0-1

[Event "World Blitz Women 2023"]
[Site "Samarkand UZB"]
[Date "2023.12.30"]
[Round "17.21"]
[White "Toncheva, Nadya"]
[Black "Zhai, Mo"]
[Result "0-1"]
[WhiteElo "2162"]
[BlackElo "2342"]
[EventDate "2023.12.29"]

1. e4 e5 2. Nf3 Nc6 3. Bb5 a6 4. Ba4 Bc5 5. O-O d6 6. c3 Ba7 7. d4 Bd7 8.
Re1 Nge7 9. Nbd2 O-O 10. Nf1 exd4 11. cxd4 Bg4 12. Be3 Bxf3 13. gxf3 f5 14.
Qb3+ Kh8 15. Qxb7 Bb6 16. Bxc6 Ra7 17. Qxa7 Bxa7 18. Ba4 f4 19. Bd2 Bxd4
20. Bc3 Bxc3 21. bxc3 Ng6 22. Kh1 Qh4 23. Kg2 Qg5+ 24. Kh1 Nh4 25. Ng3 fxg3
26. fxg3 Nxf3 27. Rf1 Qd2 0-1

[Event "World Blitz Women 2023"]
[Site "Samarkand UZB"]
[Date "2023.12.30"]
[Round "17.22"]
[White "Khotenashvili, Bella"]
[Black "Voit, Daria"]
[Result "1-0"]
[WhiteElo "2358"]
[BlackElo "2215"]
[EventDate "2023.12.29"]

1. Nf3 d5 2. g3 Nf6 3. Bg2 c5 4. O-O Nc6 5. d4 e6 6. c4 dxc4 7. Qa4 Bd7 8.
Qxc4 b5 9. Qc3 c4 10. Bg5 Be7 11. Bxf6 gxf6 12. Qc1 O-O 13. Nc3 Rb8 14. Rd1
Qc7 15. Qh6 Nb4 16. d5 Rfd8 17. d6 Bxd6 18. Rxd6 1-0

[Event "World Blitz Women 2023"]
[Site "Samarkand UZB"]
[Date "2023.12.30"]
[Round "17.23"]
[White "Ni, Shiqun"]
[Black "Shukhman, Anna"]
[Result "1/2-1/2"]
[WhiteElo "2270"]
[BlackElo "2093"]
[EventDate "2023.12.29"]

1. e4 Nf6 2. e5 Nd5 3. d4 d6 4. Nf3 g6 5. Bc4 Nb6 6. Bb3 Bg7 7. O-O O-O 8.
a4 a5 9. h3 c5 10. dxc5 dxc5 11. Qe2 c4 12. Bxc4 Nxc4 13. Qxc4 Nc6 14. Bf4
Bf5 15. Na3 Rc8 16. Rad1 Qb6 17. Qb3 Nb4 18. c3 Be6 19. c4 Qa6 20. Rd4 Rfd8
21. Rfd1 Rxd4 22. Rxd4 Qc6 23. Ng5 Bf5 24. Qd1 h6 25. Rd8+ Bf8 26. Nf3 Kg7
27. b3 Qe4 28. Rxc8 Bxc8 29. Qd2 g5 30. Be3 Qd3 31. Qxd3 Nxd3 32. Nb5 e6
33. Kf1 Bd7 34. Ke2 Nc5 35. Nfd4 Bxb5 36. cxb5 f6 37. exf6+ Kxf6 38. Bd2 e5
39. Nc2 Nxb3 40. Bc3 Nc5 41. Bxa5 Nxa4 42. Ne3 Ke6 43. Kd3 Nc5+ 44. Kc4 Ne4
45. f3 Nd6+ 46. Kd3 Nxb5 47. Bb6 Nd6 48. Bc5 Be7 49. Bb4 Nc8 50. Bc3 b5 51.
Nc2 Nb6 52. Ke3 Nc4+ 53. Ke4 Nd6+ 54. Kd3 Nf5 55. Ne1 b4 56. Bb2 Kd5 57.
Nc2 Bc5 58. Bc1 b3 59. Na1 Nd4 60. Bb2 Nf5 61. Nxb3 Nh4 62. Nxc5 Kxc5 63.
Bxe5 Nxg2 64. Ke4 Kc6 65. Bg7 h5 66. Bf6 g4 67. hxg4 hxg4 68. fxg4 Kd7 69.
Bg5 Ke6 70. Kf3 Ne1+ 71. Ke2 Nc2 72. Kd3 Nb4+ 73. Ke4 Nd5 74. Bd2 Nf6+ 75.
Kf3 Nxg4 76. Kxg4 1/2-1/2

[Event "World Blitz Women 2023"]
[Site "Samarkand UZB"]
[Date "2023.12.30"]
[Round "17.24"]
[White "Nurgaliyeva, Zarina"]
[Black "Badelka, Olga"]
[Result "1-0"]
[WhiteElo "2001"]
[BlackElo "2262"]
[EventDate "2023.12.29"]

1. e4 e5 2. Nf3 Nc6 3. Nc3 Nf6 4. Bb5 Bd6 5. a3 a6 6. Ba4 O-O 7. d3 Bc5 8.
Bb3 h6 9. h3 d6 10. g4 Nh7 11. Rg1 Be6 12. Nd5 Bxd5 13. Bxd5 Ne7 14. Bb3 d5
15. Qe2 dxe4 16. dxe4 Ng6 17. g5 h5 18. Nh4 Nxh4 19. Qxh5 Bxf2+ 20. Kxf2
Qd4+ 21. Be3 Qxe4 22. g6 Nf6 23. gxf7+ Rxf7 24. Qxf7+ 1-0

[Event "World Blitz Women 2023"]
[Site "Samarkand UZB"]
[Date "2023.12.30"]
[Round "17.25"]
[White "Bodnaruk, Anastasia"]
[Black "Lesbekova, Assel"]
[Result "1-0"]
[WhiteElo "2260"]
[BlackElo "1861"]
[EventDate "2023.12.29"]

1. e4 c5 2. Nc3 Nc6 3. Bb5 e6 4. Nf3 Nd4 5. Nxd4 cxd4 6. Ne2 a6 7. Bd3 e5
8. c3 dxc3 9. dxc3 Nf6 10. O-O d5 11. Bg5 dxe4 12. Bxf6 Qxd3 13. Bxe5 Qxd1
14. Rfxd1 Bg4 15. Re1 Bxe2 16. Rxe2 f5 17. Rd1 Rd8 18. Rxd8+ Kxd8 19. Rd2+
Kc8 20. Rd5 Rg8 21. Kf1 g6 22. Ke2 Bg7 23. Rc5+ Kd8 24. Bg3 Rf8 25. Rc7 Bf6
26. Rxb7 Re8 27. Rxh7 g5 28. Bd6 Re6 29. Bc7+ Kc8 30. Ba5 f4 31. Rh6 g4 32.
Rh5 Rd6 33. c4 Bxb2 34. f3 gxf3+ 35. gxf3 e3 36. Rc5+ Kd7 37. h4 Rh6 38. h5
Kd6 39. Rd5+ Kc6 40. Rf5 Bc1 41. Bc3 Kd7 42. Bg7 Rh7 43. h6 Ke6 44. Rxf4
Ba3 45. Re4+ Kf5 46. Rxe3 Kg6 47. Re6+ Kf7 48. Rxa6 Bc5 49. Kd3 Bf8 50.
Ra7+ Kg6 51. Ra6+ Kf7 52. Rf6+ 1-0

[Event "World Blitz Women 2023"]
[Site "Samarkand UZB"]
[Date "2023.12.30"]
[Round "17.1"]
[White "Matnadze Bujiashvili, Ann"]
[Black "Hejazipour, Mitra"]
[Result "0-1"]
[WhiteElo "2428"]
[BlackElo "2228"]
[EventDate "2023.12.29"]

1. d4 Nf6 2. Nf3 e6 3. c4 d5 4. Nc3 c6 5. Qb3 Nbd7 6. g3 Bd6 7. Bg2 O-O 8.
O-O Qe7 9. Nd2 Rd8 10. a4 e5 11. dxe5 Qxe5 12. cxd5 cxd5 13. Nf3 Qh5 14.
Nb5 Nc5 15. Qe3 Bf8 16. Qg5 Bg4 17. Qxh5 Bxh5 18. Bg5 Nce4 19. Be3 a6 20.
Nbd4 Rac8 21. Rac1 Ng4 22. Bf4 Rxc1 23. Bxc1 Rc8 24. Bf4 h6 25. h3 Ngf6 26.
g4 Bg6 27. Ne5 Bh7 28. Nd3 Rc4 29. Be3 Rxa4 30. Rc1 Rc4 31. Rd1 b5 32. Ne5
Rc8 33. Nec6 Nd6 34. b3 Be4 35. f3 Bh7 36. Ra1 Re8 37. Kf2 Nb7 38. Rxa6 Bc5
39. b4 Bf8 40. Rb6 Nd6 41. Na5 Nd7 42. Rc6 Ne5 43. Rc7 Nec4 44. Bf4 Na3 45.
Be3 0-1

[Event "World Blitz Women 2023"]
[Site "Samarkand UZB"]
[Date "2023.12.30"]
[Round "17.2"]
[White "Salimova, Nurgyul"]
[Black "Batsiashvili, Nino"]
[Result "1-0"]
[WhiteElo "2343"]
[BlackElo "2233"]
[EventDate "2023.12.29"]

1. d4 Nf6 2. Nf3 c5 3. d5 e6 4. Nc3 exd5 5. Nxd5 Nxd5 6. Qxd5 Nc6 7. e4 Be7
8. Bf4 d6 9. Be2 Be6 10. Qd2 O-O 11. Rd1 Qb6 12. b3 Rad8 13. c4 Bf6 14. O-O
Be5 15. Bg5 Rd7 16. h3 a5 17. Be3 a4 18. Rb1 axb3 19. axb3 f6 20. Rfd1 Ra8
21. Nh4 Ra3 22. Bg4 Bxg4 23. hxg4 Rxb3 24. Qd5+ Kf8 25. Rxb3 Qxb3 26. Re1
Re7 27. Nf5 Nb4 28. Qd2 Rd7 29. Qe2 Nc2 30. Rf1 Nd4 31. Bxd4 cxd4 32. f4 d3
33. Qf3 Bb2 34. g5 d2 35. Qxb3 1-0

[Event "World Blitz Women 2023"]
[Site "Samarkand UZB"]
[Date "2023.12.30"]
[Round "17.3"]
[White "Pourkashiyan, Atousa"]
[Black "Buksa, Nataliya"]
[Result "1-0"]
[WhiteElo "2221"]
[BlackElo "2316"]
[EventDate "2023.12.29"]

1. e4 c5 2. Nf3 Nc6 3. d4 cxd4 4. Nxd4 e5 5. Nb5 d6 6. N1c3 a6 7. Na3 Nf6
8. Bg5 Be7 9. Nc4 O-O 10. Bxf6 Bxf6 11. Nd5 b5 12. Ncb6 Rb8 13. Nxc8 Rxc8
14. Bd3 Bg5 15. O-O Ne7 16. Nxe7+ Qxe7 17. a4 Qb7 18. axb5 axb5 19. b4 d5
20. exd5 f5 21. Qh5 e4 22. Bxe4 Bf6 23. Bxf5 g6 24. Bxc8 Rxc8 25. Qf3 Bxa1
26. Rxa1 Rxc2 27. Rd1 Qd7 28. h3 Qd6 29. Qe4 Rc4 30. Qe8+ Kg7 31. Qxb5 Rxb4
32. Qc6 Rb6 33. Qc3+ Kh6 34. Qd4 Rb4 35. Qc3 Rb6 36. g3 Ra6 37. Kg2 Rb6 38.
Rd4 g5 39. Qd3 Qf6 40. Re4 Kg7 41. Qe3 Rd6 42. Re7+ Kf8 43. Re5 Qh6 44.
Qxg5 Qxg5 45. Rxg5 Kf7 46. h4 Ra6 47. Re5 Rb6 48. Re3 Rd6 49. Rd3 Ke7 50.
f4 Kd7 51. Kf3 h5 52. f5 Rf6 53. Kf4 Rf8 54. d6 Rg8 55. Ke5 Ra8 56. Kf6 Rg8
57. Kf7 Rg4 58. f6 Kd8 59. d7 Re4 60. Kg6 Re6 61. Kg5 Re5+ 62. Kg6 Re6 63.
Kxh5 Rxf6 64. g4 Rf8 65. g5 Rh8+ 66. Kg4 Rg8 67. h5 Rf8 68. h6 Rf1 69. h7
Rg1+ 70. Kf5 Rh1 71. Kg6 1-0

[Event "World Blitz Women 2023"]
[Site "Samarkand UZB"]
[Date "2023.12.30"]
[Round "17.4"]
[White "Kiolbasa, Oliwia"]
[Black "Balajayeva, Khanim"]
[Result "1-0"]
[WhiteElo "2313"]
[BlackElo "2207"]
[EventDate "2023.12.29"]

1. e4 e5 2. Nf3 Nc6 3. Bc4 Nf6 4. d3 Bc5 5. Nc3 h6 6. a3 a6 7. Be3 d6 8.
O-O O-O 9. Bxc5 dxc5 10. Nd5 Be6 11. Ne3 Bxc4 12. Nxc4 Qe7 13. Nh4 Rad8 14.
Nf5 Qe6 15. Qf3 Kh7 16. Qh3 Nxe4 17. Qg4 g6 18. Nxh6 Kxh6 19. Qxe4 b5 20.
Nd2 Kg7 21. Nb3 Qd5 22. Qe3 Nd4 23. Nxd4 exd4 24. Qf4 Rd6 25. Rae1 Qc6 26.
Re5 Rf6 27. Qg5 c4 28. Rc5 Qe6 29. Rxc7 cxd3 30. cxd3 Qb3 31. Qe5 Qe6 32.
Qxd4 Kh7 33. h3 Rf5 34. Qe4 Qd6 35. Rc6 Qd7 36. Rxa6 Rd5 37. Rd1 Re8 38.
Qf3 Kg7 39. Rb6 Rc8 40. Qf6+ Kg8 41. Re1 Rxd3 42. Re7 Qd5 43. Rbb7 Rd1+ 44.
Kh2 Rcc1 45. Re8+ 1-0

[Event "World Blitz Women 2023"]
[Site "Samarkand UZB"]
[Date "2023.12.30"]
[Round "17.5"]
[White "Ovod, Evgenija"]
[Black "Cori T., Deysi"]
[Result "1/2-1/2"]
[WhiteElo "2151"]
[BlackElo "2304"]
[EventDate "2023.12.29"]

1. d4 g6 2. e4 Bg7 3. c3 d6 4. Bd3 a6 5. Nf3 b6 6. O-O Bb7 7. Be3 Nf6 8.
Nbd2 Ng4 9. Bg5 h6 10. Bh4 O-O 11. Qc2 Nd7 12. h3 Ngf6 13. e5 dxe5 14. dxe5
Nh5 15. e6 fxe6 16. Bxg6 Nf4 17. Be4 Bxe4 18. Nxe4 Nxh3+ 19. Kh2 Nf4 20.
Bg3 Qe8 21. Bxf4 Rxf4 22. Ng3 Ne5 23. Nxe5 Bxe5 24. Rae1 Rf5 25. Kg1 Bxg3
26. fxg3 Qf7 27. Qe4 Re8 28. Rf4 Rxf4 29. gxf4 Rd8 30. Qxe6 Qxe6 31. Rxe6
Kf7 32. Rxh6 Rd2 33. Rc6 Rxb2 34. Rxc7 Rxa2 35. Rc6 a5 36. Rxb6 Rc2 37. Ra6
Rxc3 38. Rxa5 Rc4 39. Rf5+ Kg6 40. Rg5+ Kf6 41. g3 Rc2 42. Kf1 Rh2 43. Re5
e6 44. Kg1 Rc2 45. Re3 Kf5 46. Rf3 Kg4 47. Re3 Rd2 48. Kf1 Rh2 49. Rxe6
Kxg3 50. f5 Rf2+ 51. Kg1 Rxf5 52. Re3+ 1/2-1/2

[Event "World Blitz Women 2023"]
[Site "Samarkand UZB"]
[Date "2023.12.30"]
[Round "17.6"]
[White "Gaboyan, Susanna"]
[Black "Nomin-Erdene, Davaademberel"]
[Result "1/2-1/2"]
[WhiteElo "2086"]
[BlackElo "2299"]
[EventDate "2023.12.29"]

1. Nf3 f5 2. g3 Nf6 3. Bg2 g6 4. O-O Bg7 5. d3 O-O 6. Nbd2 d6 7. e4 e5 8.
exf5 gxf5 9. Nc4 Nc6 10. Nh4 Be6 11. f4 Qd7 12. fxe5 dxe5 13. Qe2 Rae8 14.
Nxe5 Qd4+ 15. Kh1 Qxe5 16. Qf2 Ng4 17. Qg1 Qd4 18. c3 Qxd3 19. Bf4 Bd5 20.
Nf3 Be4 21. Rad1 Qc4 22. Rd7 Rf7 23. Rxf7 Qxf7 24. Ng5 Bxg2+ 25. Qxg2 Qe7
26. Qd5+ Kh8 27. Nf7+ Kg8 28. Nh6+ Kh8 29. Nf7+ Kg8 30. Nh6+ Kh8 31. Nf7+
1/2-1/2

[Event "World Blitz Women 2023"]
[Site "Samarkand UZB"]
[Date "2023.12.30"]
[Round "17.7"]
[White "Khamdamova, Afruza"]
[Black "Peycheva, Gergana"]
[Result "0-1"]
[WhiteElo "2295"]
[BlackElo "2216"]
[EventDate "2023.12.29"]

1. e4 c5 2. Nf3 Nc6 3. d4 cxd4 4. Nxd4 g6 5. Nc3 Bg7 6. Be3 Nf6 7. Bc4 O-O
8. Bb3 Re8 9. h3 e6 10. O-O d5 11. exd5 exd5 12. Qf3 Ne5 13. Qe2 a6 14.
Rad1 b5 15. a3 Bb7 16. Rfe1 Qc8 17. Qf1 Nc4 18. Bg5 Qc5 19. Bc1 Rxe1 20.
Qxe1 Re8 21. Nce2 Qe7 22. Qb4 Qc7 23. Bf4 Qc8 24. a4 Nxb2 25. Rb1 Nc4 26.
axb5 axb5 27. Qxb5 Na3 28. Qd3 Nxb1 29. Ba4 Re4 30. Qb3 Ba6 31. Qxb1 Bxe2
32. Be3 Bc4 33. Bc6 Nd7 34. c3 Bxd4 35. Bxd7 Qxd7 36. Bxd4 Qe8 37. Qb6 Re6
38. Qc7 h5 39. Kh2 Bd3 40. Qf4 Qf8 41. g3 Be4 42. h4 Ra6 43. Qc7 Ra1 44. f3
Bxf3 45. g4 Ra2+ 46. Kg3 hxg4 47. Bf6 Rb2 48. Qe5 Qb8 0-1

[Event "World Blitz Women 2023"]
[Site "Samarkand UZB"]
[Date "2023.12.30"]
[Round "17.8"]
[White "Injac, Teodora"]
[Black "Berend, Elvira"]
[Result "1/2-1/2"]
[WhiteElo "2287"]
[BlackElo "2202"]
[EventDate "2023.12.29"]

1. d4 Nf6 2. Nf3 e6 3. Bg5 c5 4. e3 h6 5. Bxf6 Qxf6 6. c3 Qd8 7. Nbd2 cxd4
8. exd4 Be7 9. Bd3 b6 10. Qe2 Bb7 11. h4 d6 12. Be4 Qc7 13. O-O-O Nd7 14.
Kb1 a6 15. g4 Bxe4+ 16. Nxe4 d5 17. Ng3 g6 18. Rhe1 Qf4 19. g5 hxg5 20.
hxg5 Bxg5 21. Nxg5 Qxg5 22. Rh1 Ke7 23. Rxh8 Rxh8 24. Qxa6 Rh2 25. Rf1 Qf4
26. Qa3+ Kf6 27. Qa7 Ke7 28. Qa3+ Kf6 29. Qa7 Rxf2 30. Rxf2 Qxf2 31. Qxd7
Qxg3 32. a4 g5 33. Qd8+ Kg7 34. Qxb6 Qd3+ 35. Ka2 Qc4+ 36. Ka3 g4 37. Qb8
Qf1 38. Qe5+ Kg6 39. a5 Qa1+ 40. Kb4 Qxb2+ 41. Kc5 Qxc3+ 42. Kb6 Qb4+ 43.
Ka6 Qc4+ 44. Kb6 Qb3+ 45. Ka7 g3 46. Qf4 Qc3 47. Qg4+ Kh7 48. Qh4+ Kg6 49.
Qg4+ Kh7 50. Qh4+ Kg7 1/2-1/2

[Event "World Blitz Women 2023"]
[Site "Samarkand UZB"]
[Date "2023.12.30"]
[Round "17.9"]
[White "Mammadova, Gulnar"]
[Black "Ovezdurdyyeva, Jemal"]
[Result "0-1"]
[WhiteElo "2247"]
[BlackElo "2086"]
[EventDate "2023.12.29"]

1. e4 d6 2. d4 Nf6 3. Nc3 g6 4. Nf3 c6 5. a4 Bg7 6. Be2 O-O 7. O-O Nbd7 8.
Bf4 Nh5 9. Be3 e5 10. dxe5 dxe5 11. Qd6 Re8 12. Rfd1 Qe7 13. Qd2 Nc5 14.
Ng5 Nf4 15. Nf3 Nce6 16. Bc4 g5 17. g3 Nh3+ 18. Kg2 h6 19. Be2 Qf6 20. Ng1
Nxg1 21. Kxg1 Rd8 22. Qe1 Bd7 23. a5 Nd4 24. Rd2 Bh3 25. Nd1 Nf3+ 26. Bxf3
Qxf3 27. Qf1 Bxf1 28. Kxf1 Rxd2 29. Bxd2 Rd8 30. Ke1 Qxe4+ 31. Be3 Qxc2 32.
Rc1 Qa4 33. Bd2 e4 34. Rc5 b6 35. axb6 axb6 36. Rc1 Qd4 37. Bc3 Qd5 38. Bb4
c5 39. Ne3 Qb3 40. Bc3 Bxc3+ 41. bxc3 Qb2 42. Rc2 Qb1+ 43. Ke2 f5 0-1

[Event "World Blitz Women 2023"]
[Site "Samarkand UZB"]
[Date "2023.12.30"]
[Round "17.10"]
[White "Kovanova, Baira"]
[Black "Mamedjarova, Turkan"]
[Result "1-0"]
[WhiteElo "2234"]
[BlackElo "2175"]
[EventDate "2023.12.29"]

1. e4 e5 2. Nf3 Nc6 3. Bc4 Bc5 4. c3 Nf6 5. d4 exd4 6. e5 d5 7. Be2 Ne4 8.
cxd4 Bb4+ 9. Bd2 Bxd2+ 10. Nbxd2 Bf5 11. O-O O-O 12. Rc1 Qd7 13. Nb3 Nd8
14. Nh4 c6 15. f3 Ng5 16. Nc5 Qc8 17. Qd2 h6 18. Nxf5 Qxf5 19. Bd3 Qc8 20.
f4 Nh7 21. Qc2 f5 22. g4 g6 23. gxf5 gxf5 24. Kh1 b6 25. Nb3 Qe6 26. Rg1+
Kh8 27. Qg2 Qe7 28. Bxf5 Qf7 29. Bg6 Qe7 30. f5 Ng5 31. h4 Ne4 32. f6 Nxf6
33. exf6 Qxf6 34. Qh3 Ne6 35. Rcf1 Nf4 36. Qg4 Qd6 37. Bf5 Rg8 38. Qxf4
Rxg1+ 39. Kxg1 Rg8+ 40. Kh1 Qf6 41. Qe5 1-0

[Event "World Blitz Women 2023"]
[Site "Samarkand UZB"]
[Date "2023.12.30"]
[Round "17.11"]
[White "Rudzinska, Michalina"]
[Black "Padmini, Rout"]
[Result "0-1"]
[WhiteElo "2113"]
[BlackElo "2302"]
[EventDate "2023.12.29"]

1. e4 c5 2. Nf3 e6 3. d4 cxd4 4. Nxd4 Nc6 5. Nc3 Qc7 6. Be3 a6 7. Qf3 h5 8.
h4 Nf6 9. O-O-O Ng4 10. Bf4 e5 11. Nd5 Qd8 12. Bg3 Nxd4 13. Rxd4 Bc5 14.
Rd1 d6 15. Be2 O-O 16. Rhf1 f5 17. Qb3 Kh8 18. Bxg4 fxg4 19. f4 gxf3 20.
gxf3 Bh3 21. Rfe1 b5 22. f4 Bg4 23. Rd3 exf4 24. Nxf4 Qe8 25. Qd5 Rc8 26.
e5 dxe5 27. Rxe5 Qf7 28. Qxf7 Rxf7 29. Nxh5 Rf1+ 30. Kd2 Rd1+ 31. Kc3 Bd6+
32. Kb3 Rxd3+ 33. cxd3 Bxe5 0-1

[Event "World Blitz Women 2023"]
[Site "Samarkand UZB"]
[Date "2023.12.30"]
[Round "17.12"]
[White "Fataliyeva, Ulviyya"]
[Black "Nurgali, Nazerke"]
[Result "1/2-1/2"]
[WhiteElo "2268"]
[BlackElo "2068"]
[EventDate "2023.12.29"]

1. d4 d5 2. Nf3 e6 3. g3 Nf6 4. Bg2 Be7 5. O-O O-O 6. c4 c6 7. Qd3 b6 8.
Nc3 Ba6 9. b3 Nbd7 10. Nd2 Rc8 11. Bb2 c5 12. dxc5 Nxc5 13. Qc2 d4 14. Nce4
b5 15. Nxf6+ Bxf6 16. b4 d3 17. Bxf6 dxc2 18. Bxd8 Rfxd8 19. Nb3 Na4 20. c5
Nc3 21. Bf3 Rd1 22. Rc1 Rxf1+ 23. Kxf1 Nxa2 24. Rxc2 Nxb4 25. Rd2 g6 26.
Rd7 Nc6 27. Bxc6 Rxc6 28. Rxa7 Bc8 29. Ra5 b4 30. Rb5 e5 31. Rxb4 Be6 32.
Rb6 Rc8 33. e4 Bxb3 34. Rxb3 1/2-1/2

[Event "World Blitz Women 2023"]
[Site "Samarkand UZB"]
[Date "2023.12.30"]
[Round "17.13"]
[White "Yan, Tianqi"]
[Black "Rakshitta, Ravi"]
[Result "0-1"]
[WhiteElo "2086"]
[BlackElo "2225"]
[EventDate "2023.12.29"]

1. e4 e5 2. Nf3 Nc6 3. Bb5 f5 4. d3 fxe4 5. dxe4 Nf6 6. Nc3 Bb4 7. O-O Bxc3
8. bxc3 d6 9. Bc4 Na5 10. Bd3 O-O 11. Bg5 Bg4 12. h3 Bh5 13. g4 Bg6 14. Nh4
Qe8 15. Qe1 h6 16. Nxg6 Qxg6 17. Bd2 Nxg4 18. hxg4 Qxg4+ 19. Kh2 Rf3 20.
Qe3 Raf8 21. Rae1 R8f6 22. Qxf3 Rxf3 23. Re3 Qh3+ 24. Kg1 Rxe3 25. Bxe3 Nc6
26. Rb1 b6 27. Bf1 Qg4+ 28. Bg2 h5 29. f3 Qg3 30. Bf2 Qf4 31. Rd1 Ne7 32.
Kf1 Ng6 33. Ke2 Qg5 34. Bf1 Nf4+ 35. Ke1 h4 36. Be3 Qg3+ 37. Kd2 Qxf3 38.
Bc4+ Kh7 39. Rg1 Ng2 40. Bg5 Qf2+ 0-1

[Event "World Blitz Women 2023"]
[Site "Samarkand UZB"]
[Date "2023.12.30"]
[Round "17.14"]
[White "Serikbay, Assel"]
[Black "Velpula, Sarayu"]
[Result "1-0"]
[WhiteElo "2126"]
[BlackElo "1747"]
[EventDate "2023.12.29"]

1. e4 c5 2. Nf3 d6 3. d4 cxd4 4. Nxd4 Nf6 5. Nc3 a6 6. Bg5 e6 7. f4 h6 8.
Bh4 Nbd7 9. Qf3 e5 10. Nf5 exf4 11. O-O-O g5 12. Nxd6+ Bxd6 13. Rxd6 Qe7
14. Rxd7 Bxd7 15. Bf2 Bg4 16. Qd3 Rd8 17. Bd4 Qb4 18. Bxf6 Rxd3 19. Bxd3
O-O 20. Nd5 Qa5 21. Ne7+ 1-0

[Event "World Blitz Women 2023"]
[Site "Samarkand UZB"]
[Date "2023.12.30"]
[Round "17.15"]
[White "Aydin, Gulenay"]
[Black "Zhu, Chen"]
[Result "1-0"]
[WhiteElo "2009"]
[BlackElo "2379"]
[EventDate "2023.12.29"]

1. e4 d6 2. d4 Nf6 3. Nc3 e5 4. dxe5 dxe5 5. Qxd8+ Kxd8 6. Bc4 Ke8 7. f4
exf4 8. Bxf4 c6 9. Nf3 Bg4 10. h3 Bxf3 11. gxf3 Nbd7 12. O-O-O Nb6 13. Bd3
Nh5 14. Be3 Nd7 15. Rhg1 Bc5 16. Bxc5 Nxc5 17. Bc4 g6 18. Ne2 Ke7 19. b4
Ne6 20. Kb2 Rad8 21. a4 Nef4 22. Nxf4 Nxf4 23. h4 f6 24. Rde1 Rd2 25. Kc3
Rhd8 26. e5 f5 27. a5 Rf2 28. Re3 Rdd2 29. Rc1 Ng2 30. Rd3 Rxd3+ 31. cxd3
Rxf3 32. Rh1 Nf4 33. Kd4 Ne2+ 34. Kc5 Re3 35. b5 Rxe5+ 36. Kb4 cxb5 37.
Bxb5 Nd4 38. Bc4 Nc6+ 39. Kc3 Rxa5 40. h5 Kf6 41. hxg6 hxg6 42. Rh7 b5 43.
Bb3 Ne5 44. Rb7 a6 45. d4 Ng4 46. Rb6+ Kg5 47. d5 Nf2 48. d6 Ne4+ 49. Kb4
Ra1 50. d7 a5+ 51. Kxb5 Rb1 52. d8=Q+ Kf4 53. Kxa5 Ra1+ 54. Ba4 g5 55. Qc7+
Kg4 56. Rb5 Rf1 57. Rb4 Rf2 58. Bc6 Ra2+ 59. Kb6 Re2 60. Bxe4 fxe4 61. Qf7
Kg3 62. Qf5 1-0

[Event "World Blitz Women 2023"]
[Site "Samarkand UZB"]
[Date "2023.12.30"]
[Round "17.16"]
[White "Hajiyeva, Laman"]
[Black "Krush, Irina"]
[Result "1/2-1/2"]
[WhiteElo "2076"]
[BlackElo "2359"]
[EventDate "2023.12.29"]

1. e4 c5 2. Nf3 d6 3. Bb5+ Nd7 4. d4 cxd4 5. Qxd4 a6 6. Bxd7+ Qxd7 7. O-O
Nf6 8. Bg5 e5 9. Qd3 Be7 10. c4 O-O 11. Nc3 Ne8 12. Bxe7 Qxe7 13. Nd5 Qd8
14. Rfd1 Be6 15. Qe3 Rc8 16. b3 Bxd5 17. Rxd5 Nf6 18. Rd2 Qc7 19. Rad1 Rfd8
20. Nh4 g6 21. Nf5 gxf5 22. Qg5+ Kf8 23. Qxf6 fxe4 24. Rxd6 Rxd6 25. Rxd6
Qa5 26. h4 Kg8 27. Qg5+ Kf8 28. h5 Qe1+ 29. Kh2 Qxf2 30. Rd8+ Rxd8 31.
Qxd8+ Kg7 32. Qg5+ Kf8 33. Qd8+ Kg7 34. Qg5+ Kf8 35. Qd8+ Kg7 36. Qg5+
1/2-1/2